Gió thổi từ cánh rừng già : Thơ

Spremljeno u:
Bibliografski detalji
Glavni autor: Đặng, Quốc Hoàng
Format: Knjiga
Jezik:Undetermined
Izdano: Hà Nội Sân khấu 2019
Teme:
Oznake: Dodaj oznaku
Bez oznaka, Budi prvi tko označuje ovaj zapis!
Thư viện lưu trữ: Trung tâm Học liệu Trường Đại học Cần Thơ
LEADER 00572nam a2200193Ia 4500
001 CTU_236358
008 210402s9999 xx 000 0 und d
082 |a 895.922134 
082 |b H407 
100 |a Đặng, Quốc Hoàng 
245 0 |a Gió thổi từ cánh rừng già : 
245 0 |b Thơ 
245 0 |c Đặng Quốc Hoàng 
260 |a Hà Nội 
260 |b Sân khấu 
260 |c 2019 
650 |a Vietnamese poetry,Thơ ca người Việt 
910 |b dqhieu 
980 |a Trung tâm Học liệu Trường Đại học Cần Thơ